| 000 | 00689cam a2200265 4500 | ||
|---|---|---|---|
| 999 |
_c523612 _d523612 |
||
| 001 | 2197190 | ||
| 003 | NUST | ||
| 005 | 20190515091118.0 | ||
| 008 | 731001s1973 nyu 000 1 eng | ||
| 010 | _a 73080011 | ||
| 020 | _a0385062443 | ||
| 038 | _awaseem | ||
| 040 |
_aDLC _cDLC _dDLC |
||
| 050 | 0 | 0 |
_aPZ3.C67754 _bBe _aPS3505.O27967 |
| 082 | 0 | 0 |
_a813.52 _bCOL |
| 100 | 1 |
_aColeman, Lonnie, _d1920- _914343 |
|
| 245 | 1 | 0 |
_aBeulah Land, _cby Lonnie Coleman. |
| 250 | _a[1st ed.] | ||
| 260 |
_aGarden City, N.Y., _bDoubleday, _c1973. |
||
| 300 |
_a495 p. _c25 cm. |
||
| 350 | _a$8.95 | ||
| 906 |
_a7 _bcbc _corignew _d1 _eopcn _f19 _gy-gencatlg |
||
| 942 |
_2ddc _cBK |
||